Catholic Percentage By State: Midwest Quiz Stats

 Plays Quiz not verified by Sporcle

Challenge
Share
Tweet
Embed
Score 0/12 Timer 03:00
0 Plays Today
% of Population % Correct
29%Illinois
82.4%
30%North Dakota
75%
29%Kansas
69.1%
29%Wisconsin
69.1%
28%Minnesota
69.1%
19%Missouri
69.1%
28%Nebraska
67.6%
23%Iowa
66.2%
23%Michigan
64.7%
21%Ohio
64.7%
20%Indiana
63.2%
25%South Dakota
60.3%

You're not logged in!

Compare scores with friends on all Sporcle quizzes.
Join for Free
OR
Log In

You Might Also Like...

Show Comments

Extras

Top Quizzes Today


Score Distribution

Your Account Isn't Verified!

In order to create a playlist on Sporcle, you need to verify the email address you used during registration. Go to your Sporcle Settings to finish the process.

Report this User

Report this user for behavior that violates our Community Guidelines.

Details: